UBT Library

The women say, the men say : (Record no. 43056)

000 -LEADER
fixed length control field 00714pam a2200229 i 4500
001 - CONTROL NUMBER
control field 1336358
005 - DATE AND TIME OF LATEST TRANSACTION
control field 20180221072925.0
008 - FIXED-LENGTH DATA ELEMENTS--GENERAL INFORMATION
fixed length control field 790320s1979 nyua b 000 0 eng
010 ## - LIBRARY OF CONGRESS CONTROL NUMBER
LC control number 79011784
020 ## - INTERNATIONAL STANDARD BOOK NUMBER
International Standard Book Number 044009626X
020 ## - INTERNATIONAL STANDARD BOOK NUMBER
International Standard Book Number 0440598311 (pbk.)
040 ## - CATALOGING SOURCE
Original cataloging agency DLC
Transcribing agency DLC
Modifying agency DLC
041 ## - LANGUAGE CODE
Language code of text/sound track or separate title eng
080 ## - UNIVERSAL DECIMAL CLASSIFICATION NUMBER
Universal Decimal Classification number 301.41 SHA
082 00 - DEWEY DECIMAL CLASSIFICATION NUMBER
Classification number 301.41 SHA
100 1# - Rafti
Rafti 50
101 ## - Shkurtesa
Shkurtesa SOC
245 14 - TITLE STATEMENT
Title The women say, the men say :
Statement of responsibility, etc by Evelyn Shapiro and Barry Shapiro.
504 ## - BIBLIOGRAPHY, ETC. NOTE
Bibliography, etc Includes bibliographical references.
906 ## - LOCAL DATA ELEMENT F, LDF (RLIN)
a 7
b cbc
c orignew
d 1
e ocip
f 19
g y-gencatlg
942 ## - ADDED ENTRY ELEMENTS (KOHA)
Source of classification or shelving scheme
Item type Books
Holdings
Withdrawn status Lost status Source of classification or shelving scheme Damaged status Not for loan Collection code Permanent location Current location Shelving location Date acquired Total Checkouts Full call number Barcode Date last seen Price effective from Koha item type
          Koleksioni i përgjithshem UBT - Lipjan UBT - Lipjan Koleksioni i përgjithshem 02/21/2018   301.41 SHA 002-2999803 02/21/2018 02/21/2018 Books
UBT Library © 2015-2024. All rights reserved University Education for Business and Technology